Big Brother Canada Finalists - Statistics

General Stats
  • This quiz has been taken 44 times
    28 since last reset
  • The average score is 31 of 49
Answer Stats
Season Status Contestant % Correct
πŸ‡¨πŸ‡¦ 06 Winner Paras Atashnak
100%
πŸ‡¨πŸ‡¦ 07 Runner-up Anthony Douglas
86%
πŸ‡¨πŸ‡¦ 12 Runner-up Anthony Douglas
86%
πŸ‡¨πŸ‡¦ 12 Winner Bayleigh Pelham
86%
πŸ‡¨πŸ‡¦ 07 Winner Dane Rupert
86%
πŸ‡¨πŸ‡¦ 05 3rd Demetres Giannitsos
86%
πŸ‡¨πŸ‡¦ 05 4th Ika Wong
86%
πŸ‡¨πŸ‡¦ 01 Winner Jillian MacLaughlin
86%
πŸ‡¨πŸ‡¦ 02 Winner Jon Pardy
86%
πŸ‡¨πŸ‡¦ 05 Runner-up Karen Singbeil
86%
πŸ‡¨πŸ‡¦ 10 Winner Kevin Jacobs
86%
πŸ‡¨πŸ‡¦ 05 Winner Kevin Martin
86%
πŸ‡¨πŸ‡¦ 04 Winner Nick Paquette
86%
πŸ‡¨πŸ‡¦ 04 Winner Phil Paquette
86%
πŸ‡¨πŸ‡¦ 03 Winner Sarah Hanlon
86%
πŸ‡¨πŸ‡¦ 11 Winner Ty McDonald
86%
πŸ‡¨πŸ‡¦ 07 4th Adam Pike
71%
πŸ‡¨πŸ‡¦ 09 Runner-up Breydon White
71%
πŸ‡¨πŸ‡¦ 11 Runner-up Claudia Campbell
71%
πŸ‡¨πŸ‡¦ 01 3rd Emmett Blois
71%
πŸ‡¨πŸ‡¦ 01 Runner-up Gary Levy
71%
πŸ‡¨πŸ‡¦ 03 Runner-up Godfrey Mangwiza
71%
πŸ‡¨πŸ‡¦ 10 Runner-up Josh Nash
71%
πŸ‡¨πŸ‡¦ 12 3rd Lexus Jackson
71%
πŸ‡¨πŸ‡¦ 02 3rd Neda Kalantar
71%
πŸ‡¨πŸ‡¦ 09 Winner Tychon Carter-Newman
71%
πŸ‡¨πŸ‡¦ 03 3rd Ashleigh Wood
57%
πŸ‡¨πŸ‡¦ 10 3rd Betty Yirsaw
57%
πŸ‡¨πŸ‡¦ 11 3rd Daniel Clarke
57%
πŸ‡¨πŸ‡¦ 04 Runner-up Kelsey Faith
57%
πŸ‡¨πŸ‡¦ 07 3rd Kyra Shenker
57%
πŸ‡¨πŸ‡¦ 02 Runner-up Sabrina Abbate
57%
πŸ‡¨πŸ‡¦ 09 3rd Tera Gillen-Petrozzi
57%
πŸ‡¨πŸ‡¦ 04 3rd Tim Dormer
57%
πŸ‡¨πŸ‡¦ 12 4th Todd Clements
57%
πŸ‡¨πŸ‡¦ 12 Canada's Favourite Player Todd Clements
57%
πŸ‡¨πŸ‡¦ 11 4th Anika Mysha
43%
πŸ‡¨πŸ‡¦ 04 4th Cassandra Shahinfar
43%
πŸ‡¨πŸ‡¦ 06 3rd Derek Kesseler
43%
πŸ‡¨πŸ‡¦ 10 4th Haleena Gill
43%
πŸ‡¨πŸ‡¦ 06 Runner-up Kaela Grant
43%
πŸ‡¨πŸ‡¦ 10 Canada's Favourite Player Marty Frenette
43%
πŸ‡¨πŸ‡¦ 03 4th Brittnee Blair
29%
πŸ‡¨πŸ‡¦ 02 4th Heather Decksheimer
29%
πŸ‡¨πŸ‡¦ 11 Canada's Favourite Player Jonathan Leonard
29%
πŸ‡¨πŸ‡¦ 09 4th Kiefer Collison
29%
πŸ‡¨πŸ‡¦ 09 Canada's Favourite Player Kiefer Collison
29%
πŸ‡¨πŸ‡¦ 01 4th Talla Rejaei
29%
πŸ‡¨πŸ‡¦ 06 4th William 'Will' Kenny
29%
No matching quizzes found
Score Distribution
Percent of People with Each Score
Percentile by Number Answered
Your Score History
You have not taken this quiz since the last reset